| 000 | 00992nam a22002897a 4500 | ||
|---|---|---|---|
| 001 | 5200 | ||
| 003 | FISKH | ||
| 005 | 20241119082959.0 | ||
| 008 | 241119b cb ||||| |||| 00| 0 eng d | ||
| 020 | _a9780545381314 | ||
| 040 |
_aFISKH _beng _cFISKH _dFISKH |
||
| 082 | _a507.8 | ||
| 100 | _aBeck, Paul | ||
| 245 |
_aGross Science : _b25 Experiments From the Disgusting Side of Science! / _cby Paul Beck |
||
| 250 | _aFirst printing, November 2011 | ||
| 260 |
_aNew York : _bScholastic ; _c2011 . |
||
| 300 |
_a64 pages : _bcolor illustrations ; _c28 cm . |
||
| 505 | _aZ | ||
| 520 | _a"By conducting 25 experiments, you'll explore fascinating (and repulsive) subjects like snot, sour milk, bacteria, and more."--P. [4] of cover. | ||
| 521 | 8 |
_a960
_bLexile estimate |
|
| 521 | 8 |
_aZ
_bRaz-Plus |
|
| 650 |
_ascience _vfiction |
||
| 650 |
_aScience/Physical Science _vnon-fiction |
||
| 700 |
_aHobson, Ryan _ePhoto illustrator |
||
| 942 |
_2ddc _cBK _n0 |
||
| 999 |
_c5200 _d5200 |
||